000 00575nam a22002177a 4500
003 UA-OsUOA
001 45945
007 ta
008 20070523b un ||||| |||| 00| 0 ukr d
100 _aРешетилова О.
090 _a908
_bР-11
942 _cSA
040 _aUA-OsUOA
_bukr
_cUA-OsUOA
_dUA-OsUOA
245 _aОстрозька академія повертає свою популярність ХVІ століття
300 _aС.3
955 _a0
041 _aukr
080 _a908
773 0 _w45944
650 7 _a908 Краєзнавство
_2UDC
999 _c332043
_d332043